Hrad Divín pri Lovinobani

Zobrazenie: Pohľad v bielom orámovaní na zrúcaninu hradu na kopci. Vpravo v popredí vidno drevený plot, za ním sú husté listnaté stromy. Vľavo je lúka s vysokou trávou

Bibliographic Details
Format: Postcard
Language:Slovak
PhysicalDescription:1 pohľadnica čiernobiela 9 x 14 cm
Published: [Bratislava] Tatran [medzi 1946 a 1973?]
Subjects:

MARC

LEADER 00000nkm a2200000 a 4500
001 vtls010967318
003 SK-MaSNL
005 20260512122809.0
007 kp bo
008 231120q1946 xo g 00 kuslo
015 |a SNBG 
035 |a urn:nbn:sk:snk-km00eaak 
035 |a urn:nbn:sk:snk-km43gvn 
035 |a F8A4C9DE-FFC8-458E-A1CC-059503C99178 
040 |a SNK  |b slo  |c SNK  |e AACR2 
041 0 |a slo 
043 |a e-xo--- 
044 |a xo  |c SK 
072 7 |a 913  |x Regionálna geografia  |2 konspekt 
080 |a 728.81  |2 2001 
080 |a 913(437.6)  |2 2001 
080 |a (084.121)  |2 2001 
080 |a (084.121)  |2 2011 
080 |a 913(437.6)  |2 2011 
080 |a 728.81  |2 2011 
080 |a 904:72/7.025.21  |2 2011 
245 0 0 |a Hrad Divín pri Lovinobani  |h grafika 
260 |a [Bratislava]  |b Tatran  |c [medzi 1946 a 1973?] 
300 |a 1 pohľadnica  |b čiernobiela  |c 9 x 14 cm 
520 8 |a Zobrazenie: Pohľad v bielom orámovaní na zrúcaninu hradu na kopci. Vpravo v popredí vidno drevený plot, za ním sú husté listnaté stromy. Vľavo je lúka s vysokou trávou 
650 0 7 |a hrady  |2 SNKPH  |9 3039 
650 0 7 |a zrúcaniny historických objektov  |2 SNKPH  |9 105150 
651 7 |a Divín (Slovensko)  |2 SNKPH  |9 92323 
655 7 |a miestne pohľadnice  |2 SNKPH  |9 70510 
852 |a Slovenská národná knižnica 
954 |a pohľadnice pôvodné (slovenské)  |2 lita 
958 |a OND 
958 |a GBN 
958 |a GC 
958 |a EUIPO 
999 |c 673549  |d 675479 
952 |a SNK  |b SNK  |y PREZ  |7 0  |p 17A1165088  |o snkSP 6210  |0 0  |1 0  |4 0  |d 2015-10-19  |f 1  |l 0  |r 2026-02-23 19:33:48  |w 2026-02-23